000 00607nam a22001577a 4500
999 _c7752
_d7752
008 230712b ||||| |||| 00| 0 eng d
020 _a9788419563217
040 _aCDMR
_cCDMR
100 1 _9766
_aVázquez Montalbán, Manuel
245 _aCrónica sentimental de la transición
_c/ Manuel Vázquez Montalbán
260 _aBarcelona :
_bFolch&Folch,
_c2023
300 _a462 pàgines
505 _aArticles publicats al suplement dominical d'El País entre el 6 de gener i el 4 d'agost de 1985. Inclou un índex onomàstic
650 0 _93703
_aEspanya
_xHistòria
_y1975-1982, Transició
942 _2udc
_cMON